La contabilidad en la administración de empresas (Registro nro. 11400)

Detalles MARC
000 -LEADER
fixed length control field 00465nam a2200157Ia 4500
008 - FIXED-LENGTH DATA ELEMENTS--GENERAL INFORMATION
fixed length control field 210310s9999 xx 000 0 und d
020 ## - INTERNATIONAL STANDARD BOOK NUMBER
International Standard Book Number 0
100 ## - MAIN ENTRY--PERSONAL NAME
Personal name ROBERT N. anthony
9 (RLIN) 24471
245 #0 - TITLE STATEMENT
Title La contabilidad en la administración de empresas
260 ## - PUBLICATION, DISTRIBUTION, ETC.
Date of publication, distribution, etc. 1964
300 ## - PHYSICAL DESCRIPTION
Other physical details 721p : , il
440 ## - SERIES STATEMENT/ADDED ENTRY--TITLE
Title Biblioteca de altos estudios comerciales
9 (RLIN) 25406
500 ## - GENERAL NOTE
General note 0
505 ## - FORMATTED CONTENTS NOTE
Formatted contents note 0
650 ## - SUBJECT ADDED ENTRY--TOPICAL TERM
Topical term or geographic name entry element Contabilidad.-- Contabilidad financiera.-- Contabilidad
9 (RLIN) 25407
Existencias
Withdrawn status Lost status Damaged status Not for loan Home library Current library Date acquired Total Checkouts Barcode Date last seen Price effective from Koha item type
        Biblioteca Pública José María del Castillo y Rada Biblioteca Pública José María del Castillo y Rada 03/10/2021   430011727 05/16/2024 03/10/2021 Books